00501nam a2200145 i 4500001000300000245009200003260003700095300002200132500003600154040000800190041000800198080001000206008004100216856009800257bg 0aFizika tverdogo tela. Atomnaja struktura tverdych tel /cPerev. s ang. V. K. Fedjanina. aMoskva :bIzdat. "Nauka",c1972. as. 135 :bilustr. aNad cem dumajut fiziki. Vyp. 7. cBPK apol a539.1 s pl f |000 0 pol  uhttp://koha.tu.koszalin.pl/cgi-bin/koha/opac-detail.pl?biblionumber=15037yKatalog online BPK